[Event "TCh-SVK Extraliga 2010-11"]
[Site "Slovakia SVK"]
[Date "2011.05.06"]
[Round "9"]
[White "Skara,V"]
[Black "Petran,Pe"]
[Result "1/2-1/2"]
[WhiteElo "2161"]
[BlackElo "2330"]

1.e4 g6 2.d4 Bg7 3.Nc3 d6 4.Be3 a6 5.h3 b5 6.Bd3 Nd7 7.f4 c5 8.Nf3 Bb7 9.a3 cxd4
10.Bxd4 Bxd4 11.Nxd4 Ngf6 12.Nf3 Qb6 13.g3 Rc8 14.Qe2 Nh5 15.Rg1 e5 16.Qd2 O-O
17.O-O-O Rfd8 18.f5 Ndf6 19.Rde1 a5 20.fxg6 hxg6 21.Nh4 b4 22.axb4 axb4 23.Nd5 Bxd5
24.exd5 Qd4 25.Rgf1 e4 26.Be2 Qxd2+ 27.Kxd2 Kg7 28.Bxh5 Nxh5 29.g4 Nf6 30.g5 Nh5
31.Rg1 Re8 32.Rg4 Rc4 33.c3 bxc3+ 34.bxc3 Re5 35.Nf3 Rxd5+ 36.Nd4 Rdc5 37.Rexe4 Rxc3
38.Re7 Kf8 39.Rge4 Rc7 40.Re8+ Kg7 41.Rd8 R3c5 42.h4 Re5 43.Kd3 Rc3+ 44.Kxc3 Rxe4
45.Nb5 Rxh4 46.Nxd6 Rg4 47.Ne8+ Kh7 48.Nd6 Rxg5 49.Nxf7 Rg3+ 50.Kd4 Rg1 51.Ke3 Kg7
52.Nd6 Re1+ 53.Kf3 Nf6 54.Nc4 Rc1 55.Ne5 Rc5 56.Nxg6 Kxg6 57.Rd3 Kf5 58.Ra3 Ng4
59.Kg3 Ne5 60.Kf2 Rc4 61.Ke2 Ke4 62.Ra2 Nf3 63.Kf2 Nd4 64.Kg3 Rc8 65.Ra4 Rc3+
66.Kg4 Rc5 67.Rb4 Rc8 68.Kg5 Ke5 69.Kg6 Rg8+ 70.Kf7 Rg4 71.Rb1 Rf4+ 72.Ke7 Rh4
73.Re1+ Kd5 74.Rd1 Rh6 75.Kf7 Ra6 76.Rh1 Nc6 77.Rd1+ Nd4 78.Rh1 Ra7+ 79.Kf6  1/2-1/2

[Event "ch-Euro Indiv Women"]
[Site "Tbilisi GEO"]
[Date "2011.05.07"]
[Round "1"]
[White "Arakhamia-Grant,K"]
[Black "Vakhania,A"]
[Result "1-0"]
[WhiteElo "2462"]
[BlackElo "2189"]

1.e4 g6 2.d4 Bg7 3.Nc3 d6 4.Be3 a6 5.Nf3 b5 6.Bd3 Bb7 7.O-O Nf6 8.e5 Nd5
9.Nxd5 Bxd5 10.a4 b4 11.c4 bxc3 12.bxc3 Nd7 13.exd6 cxd6 14.c4 Bxf3 15.Qxf3 O-O
16.Qc6 Qc8 17.Be4 Ra7 18.Qxc8 Rxc8 19.Rfc1 Rac7 20.a5 e5 21.dxe5 Nxe5 22.Rab1 Rxc4
23.Rxc4 Nxc4 24.Rc1 d5 25.Bxd5 Nd6 26.Rxc8+ Nxc8 27.Bb7 Nd6 28.Bxa6 Bc3 29.Bb6 Kf8
30.Bd3 Nc8 31.Bc5+ Ke8 32.a6  1-0

[Event "29th Metz Open A"]
[Site "Longeville-les-Metz FRA"]
[Date "2011.05.08"]
[Round "9.14"]
[White "Schweitzer,V"]
[Black "Piasetski,L"]
[Result "1/2-1/2"]
[WhiteElo "2230"]
[BlackElo "2301"]

1.e4 g6 2.d4 Bg7 3.Nc3 d6 4.Be3 a6 5.Qd2 b5 6.h4 h5 7.O-O-O Nh6 8.f3 Nc6
9.d5 Ne5 10.Bd4 O-O 11.Nh3 Bxh3 12.Rxh3 Qd7 13.Bxe5 dxe5 14.b3 Qd6 15.Kb2 f5
16.Bd3 f4 17.Be2 Nf5 18.exf5 e4 19.fxe4 b4 20.Kb1 bxc3 21.Qc1 Rfb8 22.a4 Rb4
23.Qa3 Rxe4 24.Qxd6 exd6 25.Bf3 gxf5 26.Bxh5 Be5 27.Bf3 Re3 28.Rhh1 Kg7 29.Ka2 Rb8
30.Ka3 a5 31.Ka2 Rb4 32.Kb1 Kh6 33.Kc1 Bd4 34.Rhe1 Bc5 35.h5 Re5 36.Re2 Rb8
37.Rd3 Be3+ 38.Kd1 Bd2 39.Rexd2 cxd2 40.Kxd2 Rb4  1/2-1/2

[Event "ch-Euro Indiv Women"]
[Site "Tbilisi GEO"]
[Date "2011.05.10"]
[Round "4"]
[White "Fakhiridou,E"]
[Black "Matveeva,S"]
[Result "0-1"]
[WhiteElo "2225"]
[BlackElo "2380"]

1.e4 g6 2.d4 Bg7 3.Nc3 d6 4.Nf3 a6 5.a4 Bg4 6.Be3 Nc6 7.Be2 e5 8.d5 Nce7
9.O-O h6 10.Nd2 Bxe2 11.Qxe2 Nf6 12.Nd1 Nd7 13.a5 O-O 14.c4 c5 15.dxc6 Nxc6
16.Nb3 Nd4 17.Qd3 Nc5 18.Nxc5 dxc5 19.Ra3 Rb8 20.Qd2 Qh4 21.Nc3 Rfd8 22.Nd5 Qxe4
23.Bxd4 cxd4 24.f3 Qh4 25.Rb3 Rd6 26.g3 Qd8 27.Re1 Rc6 28.Qe2 Rc5 29.f4 exf4
30.gxf4 Qxa5 31.f5 Rxc4 32.Ne7+ Kh8 33.fxg6 Rc2 34.Qe4 Qd2 35.Rh3 Re8 36.Rxh6+ Bxh6
37.Qe5+ Bg7  0-1

[Event "ch-UKR semi-final"]
[Site "Alushta UKR"]
[Date "2011.05.11"]
[Round "9.43"]
[White "Vorontsov,P"]
[Black "Borzov,D"]
[Result "1-0"]
[WhiteElo "2055"]
[BlackElo "2151"]

1.e4 d6 2.d4 g6 3.Nc3 Bg7 4.Bg5 Nf6 5.Qe2 h6 6.Bh4 c6 7.O-O-O O-O 8.f4 Be6
9.Nf3 a5 10.h3 d5 11.Kb1 Na6 12.g4 dxe4 13.Nxe4 b5 14.Rg1 Nb4 15.a3 Bc4 16.Qe1 Bxf1
17.Rxf1 Nbd5 18.Ne5 Qc7 19.g5 Nxe4 20.Qxe4 hxg5 21.fxg5 b4 22.a4 Rad8 23.Bg3 Qb6
24.Rd3 e6 25.h4 c5 26.dxc5 Qxc5 27.Bf2 Nc3+ 28.Rxc3 Qxe5 29.Qxe5 Bxe5 30.Rc5 Bd4
31.Rxa5 Bxf2 32.Rxf2 Rd4 33.Rb5 Rxh4 34.b3 Rd8 35.Kb2 Rhd4 36.a5 R8d5 37.Rb8+ Kg7
38.a6 Rd7 39.Rb7 e5 40.a7 Rxb7 41.a8=Q Rbd7 42.Rh2 Rd8 43.Qc6 Rf4 44.Qh1 Kf8
45.Rh8+ Ke7 46.Rxd8 Kxd8 47.Qd5+  1-0

[Event "ch-Euro Indiv Women"]
[Site "Tbilisi GEO"]
[Date "2011.05.12"]
[Round "6"]
[White "Kochetkova,J"]
[Black "Vakhania,A"]
[Result "1-0"]
[WhiteElo "2341"]
[BlackElo "2189"]

1.e4 g6 2.d4 Bg7 3.Nc3 d6 4.h3 a6 5.f4 b5 6.Nf3 Bb7 7.Bd3 e6 8.Be3 Ne7 9.O-O d5
10.e5 Nd7 11.Ne2 h5 12.Bf2 Nb6 13.Qe1 Qd7 14.Ng5 Nc6 15.b3 Bf8 16.c3 Ba3
17.b4 Nc4 18.Bh4 Ne7 19.Ng3 Nf5 20.Nxf5 gxf5 21.Nf3 Rg8 22.Rb1 a5 23.Qe2 axb4
24.cxb4 Ra4 25.Be1 Qe7 26.Bc2 Ra6 27.Bh4 Qf8 28.Ng5 Bxb4 29.Nh7 Qg7 30.Nf6+ Kf8
31.Nxg8 Bc3 32.Nf6 Bxd4+ 33.Kh1 Ne3 34.Rf3 Rxa2 35.Rg3 Rxc2 36.Qxb5  1-0

[Event "6th Paradiso Amateur Open"]
[Site "Paradiso SUI"]
[Date "2011.05.13"]
[Round "1.3"]
[White "Borsos,B"]
[Black "Schneider,Ant"]
[Result "1-0"]
[WhiteElo "2278"]
[BlackElo "1984"]

1.e4 g6 2.d4 Bg7 3.Nc3 d6 4.h4 h5 5.Nf3 Nd7 6.Ng5 Nh6 7.Bc4 Nb6 8.Bb3 e5
9.Be3 Qe7 10.f3 f6 11.Nh3 exd4 12.Bxd4 c5 13.Bf2 Nf7 14.Nf4 Ne5 15.Nb5 c4
16.Bxb6 axb6 17.Nxd6+ Kf8 18.Nxc4 Be6 19.Nxe5 Qb4+ 20.c3 Bxb3 21.Nexg6+ Ke8
22.axb3 Rxa1 23.Qxa1 Qc5 24.Qa8+ Kd7 25.Qxb7+ Kd8 26.Ne6+  1-0

[Event "TCh-UKR Clubs 2011"]
[Site "Alushta UKR"]
[Date "2011.05.15"]
[Round "3.3"]
[White "Firman,N"]
[Black "Martiyan,A"]
[Result "1-0"]
[WhiteElo "2542"]
[BlackElo "2172"]

1.e4 d6 2.d4 g6 3.Nc3 Bg7 4.h4 Nf6 5.Be2 Nc6 6.h5 gxh5 7.Bg5 h6 8.Bh4 e5
9.dxe5 Nxe5 10.Bxh5 O-O 11.Nf3 Ng6 12.Bxg6 fxg6 13.Qd3 Qe8 14.O-O-O Bg4 15.Rde1 Nh5
16.Nd5 Rf7 17.e5 Bf5 18.Qb3 dxe5 19.Nxe5 Bxe5 20.Ne7+ Kh7 21.Rxe5 Rg7 22.f3 g5
23.Rhe1 Bg6 24.Nf5 Qf8 25.Nxg7 Nxg7 26.Bxg5 hxg5 27.Rh1+ Nh5 28.g4 Qf4+ 29.Qe3 Qc4
30.Rc5 Qxa2 31.Qe7+ Qf7 32.Qxf7+ Bxf7 33.Rxc7 Rf8 34.Rxh5+ Kg6 35.Rxb7 Bd5
36.Rb5 Rd8 37.b3  1-0

[Event "Sten Open"]
[Site "Hradec Kralove CZE"]
[Date "2011.05.15"]
[Round "9"]
[White "Svoboda,Frantisek"]
[Black "Tsapanidis,V"]
[Result "1-0"]
[WhiteElo "1715"]
[BlackElo "1827"]

1.Nc3 g6 2.e4 Bg7 3.d4 d6 4.Be3 a6 5.Bd3 Nc6 6.Nge2 e5 7.d5 Nce7 8.Qd2 f5
9.f4 fxe4 10.Bxe4 Nf6 11.O-O-O Nxe4 12.Nxe4 Nf5 13.Bf2 O-O 14.h4 h5 15.Rdg1 Nh6
16.Ng5 exf4 17.Nxf4 Qf6 18.Nd3 Bf5 19.Be3 Ng4 20.Rf1 Nxe3 21.Qxe3 Bh6 22.Qg3 Rae8
23.Nf4 Bg4 24.Nfe6 Qxf1+ 25.Rxf1 Rxf1+ 26.Kd2 Bxe6 27.dxe6 Rxe6 28.Kd3 Bxg5
29.Qxg5 Kg7 30.Kc3 Ref6 31.Qe3 Rf7 32.Qe4 Kh7 33.Qd5 b6 34.Qg5 R1f5 35.Qg3 a5
36.b3 Re5 37.Kd3 Rfe7 38.Kd4 Kg7 39.a3 c6 40.Qf3 d5 41.Qf2 Re3 42.Qxe3 Rxe3
43.Kxe3 c5 44.a4 Kf6 45.Kf4 d4 46.g3 Kg7 47.Ke5 Kf7 48.Kd6 Kf6 49.Kc6 Ke5
50.Kxb6 Ke4 51.Kxc5 Kf3 52.b4 axb4 53.Kxb4 Kxg3 54.a5 g5 55.a6 gxh4 56.a7 h3
57.a8=Q d3 58.cxd3 Kh2 59.d4 h4 60.Qg8 Kh1 61.Qh7  1-0

[Event "TCh-NED"]
[Site "Netherlands NED"]
[Date "2011.05.15"]
[Round "9.6"]
[White "Van de Oudeweetering,A"]
[Black "Roobol,M"]
[Result "1-0"]
[WhiteElo "2321"]
[BlackElo "2350"]

1.e4 g6 2.d4 Bg7 3.Nc3 d6 4.f4 a6 5.Nf3 Nd7 6.Bd3 c5 7.dxc5 Nxc5 8.O-O Nf6
9.Qe1 O-O 10.Qh4 b5 11.a3 Bb7 12.f5 Qd7 13.Bh6 Rfd8 14.Ng5 Bh8 15.Rf3 e6
16.fxg6 fxg6 17.Raf1 Qe7 18.e5 dxe5 19.Nge4 Bxe4 20.Bxe4 Ncxe4 21.Nxe4 Nd5
22.Bg5 Qa7+ 23.Kh1 Rf8 24.Qh3 Qd7 25.Nc5 Rxf3 26.Qxf3 Qe8 27.Qg4 Nf4 28.Bxf4 exf4
29.Nxe6 Bxb2 30.Rxf4 Qd7 31.Qf3 Qxe6 32.Qxa8+ Kg7 33.Qb7+ Kh6 34.Qf7 Qxf7
35.Rxf7 Bxa3 36.Ra7 Bb4 37.Rxa6  1-0

[Event "TCh-UKR Clubs 2011"]
[Site "Alushta UKR"]
[Date "2011.05.17"]
[Round "5.5"]
[White "Pavlov,Ma"]
[Black "Plaksin,V"]
[Result "1-0"]
[WhiteElo "2364"]
[BlackElo "2190"]

1.e4 g6 2.d4 Bg7 3.Nc3 d6 4.f4 c6 5.Nf3 Bg4 6.Be3 Qb6 7.Qd2 Bxf3 8.gxf3 Nd7
9.O-O-O Ngf6 10.f5 Qc7 11.Rg1 b5 12.Kb1 Nb6 13.Bd3 Nfd7 14.h4 Bf6 15.f4 b4
16.Ne2 c5 17.dxc5 Nxc5 18.e5 Nxd3 19.exf6 Nc5 20.fxe7 Qxe7 21.Bd4 O-O 22.Ng3 Ne4
23.Nxe4 Qxe4 24.fxg6 fxg6 25.h5 Nc4 26.Qxb4 Rfc8 27.hxg6 hxg6 28.Qe1 Qxe1
29.Rgxe1 Rab8 30.Kc1 Kf7 31.Rh1 Ke6 32.Rh7 a5 33.Rg1 Kd5 34.Bc3 Re8 35.b3 Ne3
36.Bd2 Rbc8 37.c3 Re6 38.Rh3 Nf5 39.Rd3+ Kc5 40.c4 a4 41.Rd5+ Kc6 42.Rh1 axb3
43.axb3 Ng3 44.Rh7 Ne4 45.Ra7 Nxd2 46.Kxd2 Rb8 47.Rd3 Rf6 48.Kc3 Kb6 49.Re7 Ra8
50.Rd5 Kc6 51.b4 Ra3+ 52.Kb2 Rf3 53.b5+ Kb6 54.Rd7 Ka5 55.R7xd6 R6xf4 56.b6+ Kb4
57.Rb5+ Kxc4 58.b7 Rf2+ 59.Kc1 Rf1+ 60.Rd1 Rxd1+ 61.Kxd1 Rd4+ 62.Kc2 Kxb5
63.b8=Q+ Kc5 64.Qc7+ Kd5 65.Qf7+ Kc5 66.Qxg6 Rc4+ 67.Kd3 Rd4+ 68.Ke3 Rd6
69.Qf7 Kc6 70.Ke4 Rd7 71.Qf8 Kc7 72.Ke5 Kb7 73.Ke6 Rc7 74.Qe8 Ka7 75.Kd6 Rb7
76.Qa4+ Kb8 77.Qe4 Rb6+ 78.Kc5 Rb7 79.Kc6 Ka7 80.Qa4+ Kb8 81.Qa5 Kc8 82.Qa6  1-0

[Event "ch-Moscow KO"]
[Site "Moscow RUS"]
[Date "2011.05.18"]
[Round "1.3"]
[White "Arslanov,S"]
[Black "Chadaev,N"]
[Result "0-1"]
[WhiteElo "2415"]
[BlackElo "2577"]

1.e4 g6 2.d4 Bg7 3.Nc3 d6 4.f4 Nf6 5.Nf3 c5 6.Bb5+ Bd7 7.Bxd7+ Nfxd7 8.d5 Na6
9.O-O Rb8 10.Kh1 b5 11.e5 O-O 12.Ne4 dxe5 13.fxe5 Nxe5 14.Bf4 Nxf3 15.Bxb8 Nd4
16.Bg3 Qxd5 17.Nc3 Qb7 18.Re1 Nb4 19.Rc1 Bh6 20.Ne4 Bxc1 21.Nxc5 Qc6 22.Qxd4 Nxc2
23.Qe4 Qxe4 24.Rxe4 Rd8 25.h4 e6 26.Be5 Be3 27.Nb7 Rd1+ 28.Kh2 f5  0-1

[Event "20th Croatian Cup"]
[Site "Sibenik CRO"]
[Date "2011.05.18"]
[Round "1.52"]
[White "Zelcic,R"]
[Black "Pandurevic,M"]
[Result "1-0"]
[WhiteElo "2557"]
[BlackElo "2286"]

1.e4 d6 2.d4 g6 3.Nc3 Bg7 4.Nf3 a6 5.a4 Bg4 6.Be2 Nc6 7.Be3 Nf6 8.d5 Nb4
9.a5 e6 10.h3 Bxf3 11.Bxf3 c6 12.Ra4 exd5 13.Rxb4 c5 14.Rxb7 d4 15.Bd2 dxc3
16.Bxc3 O-O 17.O-O Rb8 18.Rxb8 Qxb8 19.Qd3 Nd7 20.Bxg7 Kxg7 21.b3 Ne5 22.Qxa6 f5
23.Qe2 c4 24.Rb1 Qb4 25.a6 Ra8 26.exf5 Rxa6 27.fxg6 hxg6 28.Bd5 Rb6 29.Ra1 cxb3
30.Ra7+ Kf6 31.Bxb3 Qc5 32.Ra4 Rb4 33.Rxb4 Qxb4 34.Qe3 g5 35.g3 Kf5 36.f4 gxf4
37.gxf4 Nc6 38.Kg2 Qd4 39.Kf3 Qd1+ 40.Kf2 Nd4 41.Ba4 Kf6 42.c3 Nb3 43.Kg3 Qd2
44.Qxd2 Nxd2 45.Bc2 Nc4 46.Kf3 d5 47.Bd3 Nb2 48.Ke3 Nd1+ 49.Kd4 Nf2 50.h4 Ke6
51.h5 Ng4 52.Bg6  1-0

[Event "20th Croatian Cup"]
[Site "Sibenik CRO"]
[Date "2011.05.18"]
[Round "1.92"]
[White "Filipovic,Br"]
[Black "Gabre,Z"]
[Result "1-0"]
[WhiteElo "2409"]
[BlackElo "2121"]

1.e4 g6 2.d4 Bg7 3.Nc3 d6 4.f4 Nf6 5.Nf3 O-O 6.e5 Ng4 7.h3 Nh6 8.Be3 c5 9.dxc5 Nf5
10.Bf2 dxe5 11.Qxd8 Rxd8 12.Nxe5 Nc6 13.Nxc6 bxc6 14.g4 Nd4 15.O-O-O Be6
16.Bg2 Rab8 17.Rhe1 Bc4 18.b3 Ba6 19.Nd5 Rxd5 20.Bxd5 Ne2+ 21.Rxe2 Bxe2 22.Rd2 cxd5
23.Rxe2 e6 24.Kd2 a5 25.Kd3 Kf8 26.c3 Ke7 27.Bd4 Bf8 28.b4 axb4 29.Rb2 Ra8
30.cxb4 Ra3+ 31.Rb3 Rxa2 32.b5 Kd8 33.b6 Rh2 34.b7 Rxh3+ 35.Be3 Rxe3+ 36.Kxe3 Bxc5+
37.Kf3 Bd6 38.b8=Q+ Bxb8 39.Rxb8+ Ke7 40.Rh8 h5 41.gxh5 gxh5 42.Rxh5  1-0

[Event "20th Croatian Cup"]
[Site "Sibenik CRO"]
[Date "2011.05.19"]
[Round "3.83"]
[White "Vidovic,M"]
[Black "Vukoje,V"]
[Result "1/2-1/2"]
[WhiteElo "2224"]
[BlackElo "2397"]

1.e4 g6 2.d4 Bg7 3.Nc3 d6 4.Be3 a6 5.f4 b5 6.a3 Nd7 7.Nf3 Nb6 8.e5 d5 9.h3 Nh6
10.g4 f6 11.b3 Be6 12.Bd3 Qd7 13.Qe2 f5 14.g5 Nf7 15.h4 h5 16.a4 b4 17.Na2 a5
18.c3 bxc3 19.Rc1 O-O 20.Rxc3 c6  1/2-1/2

[Event "XXVI Felix Cup"]
[Site "Baile Felix ROU"]
[Date "2011.05.20"]
[Round "1.3"]
[White "Oltean,Stefan-Ioan"]
[Black "Grunberg,M"]
[Result "0-1"]
[WhiteElo "1816"]
[BlackElo "2419"]

1.e4 g6 2.d4 Bg7 3.Nc3 d6 4.Nf3 a6 5.a4 Bg4 6.Be2 Nc6 7.Be3 Nf6 8.O-O O-O
9.h3 Bxf3 10.Bxf3 e5 11.dxe5 dxe5 12.Bc5 Re8 13.g3 Nd4 14.Bg2 Nd7 15.Bxd4 exd4
16.Nd5 Nc5 17.Re1 c6 18.Nb4 Qc7 19.Nd3 Nd7 20.f4 c5 21.a5 Rad8 22.Qf3 c4
23.Nb4 Qc5 24.Nd5 d3+ 25.Kh2 dxc2 26.e5 Nb8 27.Nf6+ Bxf6 28.exf6 Nc6 29.Qc3 Nd4
30.b4 Qd6 31.Qxc4 h5 32.Bxb7 h4 33.Kg2 hxg3 34.Bd5 Rxe1 35.Bxf7+ Kh8 36.Rxe1 Qxf4
37.Rf1 Qd2+ 38.Kxg3 c1=Q  0-1

[Event "XXX Zalakaros Open"]
[Site "Zalakaros HUN"]
[Date "2011.05.20"]
[Round "1"]
[White "Zsirai,P"]
[Black "Istvanovszki,M"]
[Result "1/2-1/2"]
[WhiteElo "2036"]
[BlackElo "2297"]

1.e4 g6 2.d4 Bg7 3.Nc3 d6 4.Be3 a6 5.a4 Nd7 6.Bc4 e6 7.Nge2 Ne7 8.O-O O-O
9.Bb3 b6 10.f4 Bb7 11.Ng3 d5 12.f5 exf5 13.exf5 Nf6 14.Bg5 h6 15.Bxf6 Bxf6
16.fxg6 fxg6 17.Nce2 Kh7 18.c3 Qd6 19.Bc2 Bg5 20.Nc1 c5 21.Nb3 Kg7 22.dxc5 bxc5
23.Na5 Rxf1+ 24.Qxf1 Rf8 25.Qd3 Bc8 26.Re1 Nf5 27.c4 Nxg3 28.hxg3 Bf5 29.Qb3 Bxc2
30.Qxc2 Qxg3 31.Qc3+ Qxc3 32.bxc3 d4 33.cxd4 cxd4 34.Rd1 Be3+ 35.Kh2 Rc8
36.Rb1 d3 37.Rb3 Rd8 38.Rb1 d2 39.Rd1 Rc8 40.Kg3 Rc5 41.Kf3 Bg5 42.Nb3 Rxc4
43.Nxd2 Rd4 44.Ke2 Bxd2 45.Rxd2 Rxa4 46.Rd6 h5 47.Kf3 Kh6 48.Rd5 h4 49.Rc5 g5
50.Rc6+ Kh5 51.Rb6 a5 52.Ra6 Rf4+ 53.Ke2 a4 54.Ra5 Kg4 55.Ke3 Rb4 56.Kf2 Kf4
57.Kg1 g4 58.Kh2 g3+ 59.Kh3 Ke3 60.Rd5 Rd4 61.Ra5 Ke4 62.Kxh4 Kd3+ 63.Kxg3 Kc3
64.Kf3 Kb4 65.Ra8 a3 66.Ke3 Rd5 67.g4 Ra5 68.Rb8+ Ka4 69.Rb1 a2 70.Ra1 Kb3
71.Kf4 Kb2 72.Rxa2+ Rxa2 73.g5 Kc3 74.g6 Kd4 75.Kf5 Kd5 76.g7 Rg2 77.Kf6 Kd6
78.Kf7 Rf2+ 79.Ke8 Rg2 80.Kf7 Rxg7+  1/2-1/2

[Event "XXX Zalakaros Open"]
[Site "Zalakaros HUN"]
[Date "2011.05.20"]
[Round "1"]
[White "Juhasz,Ba"]
[Black "Racz,Z"]
[Result "1/2-1/2"]
[WhiteElo "2020"]
[BlackElo "2295"]

1.e4 g6 2.d4 Bg7 3.Nc3 d6 4.Be3 Nf6 5.f3 c6 6.Qd2 b5 7.O-O-O Nbd7 8.Kb1 Nb6
9.Bh6 Bxh6 10.Qxh6 Qc7 11.h4 b4 12.Nce2 Ba6 13.Nh3 O-O-O 14.Nc1 Bxf1 15.Rhxf1 c5
16.dxc5 dxc5 17.Ng5 Rdf8 18.Nh3 c4 19.Qf4 Qc5 20.Qg5 Nfd7 21.Qxc5+ Nxc5 22.e5 h6
23.Ne2 Rd8 24.Nd4 Kb7 25.Rfe1 Nd5 26.Kc1 a5 27.g3 c3 28.b3 a4 29.Nf4 axb3
30.Nxb3 Nxb3+ 31.cxb3 Nxf4 32.gxf4 Kc6 33.e6 f5 34.Rg1 Rxd1+ 35.Kxd1 Rd8+
36.Kc1 Rd4 37.Rxg6 Rxf4 38.Rxh6 Kd6 39.Rh8 Kxe6 40.h5 Rxf3 41.h6 Rf1+ 42.Kc2 Rf2+
43.Kc1 Rxa2 44.Rb8 Rh2 45.Rxb4 Ke5 46.Rb7 Rxh6 47.Rxe7+ Kd4 48.Rd7+ Ke3 49.Re7+ Kf3
50.Kc2 Rc6 51.b4 f4 52.b5 Rb6 53.Re5 Kg4 54.Kxc3 f3 55.Kd2 Kf4 56.Rd5 Re6
57.Rd8 Re5 58.Rf8+ Kg3 59.b6 Rb5 60.Rg8+ Kf2 61.Rg6 Kf1 62.Kc3 f2 63.Kc4 Ke1
64.Re6+  1/2-1/2

[Event "1st Alimini Village Open"]
[Site "Otranto ITA"]
[Date "2011.05.21"]
[Round "1"]
[White "Dvirnyy,D"]
[Black "Boffa,M"]
[Result "1/2-1/2"]
[WhiteElo "2448"]
[BlackElo "2126"]

1.e4 g6 2.d4 Bg7 3.Nc3 d6 4.f3 a6 5.a4 b6 6.Be3 h5 7.h4 Bb7 8.Qd2 Nf6 9.Nh3 c5
10.d5 Nbd7 11.Be2 Ne5 12.O-O Bc8 13.Ng5 O-O 14.Rfb1 a5 15.Nb5 Nh7 16.Ra3 Nxg5
17.hxg5 f5 18.gxf6 Bxf6 19.Bh6 Bg7 20.Bxg7 Kxg7 21.f4 Ng4 22.f5 e5 23.fxe6 Ne5
24.Rg3 Ba6 25.Bxh5 Bxb5 26.axb5 Rh8 27.Bf3 Qh4 28.Qg5 Qxg5 29.Rxg5 Kf6 30.Rg3 Ra7
31.Rf1 Rah7 32.Bg4+ Ke7 33.Bh3 Rh4 34.Rg5 Rxe4 35.Rxe5 Rxe5 36.Rf7+ Ke8 37.c4 Rh4
38.b3 a4 39.bxa4 Rxc4 40.a5 bxa5 41.b6 Rxd5 42.b7 Rd1+ 43.Kf2 Rb1 44.Rc7 Rcb4
45.Rc8+ Ke7 46.Rc7+ Ke8 47.Rc8+ Ke7  1/2-1/2

[Event "20th Croatian Cup"]
[Site "Sibenik CRO"]
[Date "2011.05.21"]
[Round "5.72"]
[White "Fercec,N"]
[Black "Gabre,Z"]
[Result "1-0"]
[WhiteElo "2453"]
[BlackElo "2121"]

1.e4 g6 2.d4 Bg7 3.Nc3 d6 4.Bg5 Nf6 5.Qd2 O-O 6.O-O-O Nc6 7.f4 Bg4 8.Be2 Bxe2
9.Qxe2 Nb4 10.a3 Na6 11.e5 Nh5 12.g4 f6 13.gxh5 fxg5 14.hxg6 gxf4 15.gxh7+ Kh8
16.Nf3 e6 17.Rhg1 c5 18.dxc5 d5 19.Rg4 Qc7 20.Qg2 Qf7 21.Rg1 Bh6 22.Qh3  1-0

[Event "XXX Zalakaros Open"]
[Site "Zalakaros HUN"]
[Date "2011.05.21"]
[Round "2"]
[White "Boronyak,A"]
[Black "Horvath,Viktoria"]
[Result "1-0"]
[WhiteElo "2198"]
[BlackElo "2013"]

1.e4 g6 2.d4 Bg7 3.Nc3 d6 4.Be3 c6 5.f4 Qb6 6.Qd2 Nf6 7.h3 d5 8.e5 Nh5 9.Nge2 f5
10.O-O-O Na6 11.Rg1 Bf8 12.g4 Ng7 13.Na4 Qc7 14.Nec3 b5 15.Nc5 Nxc5 16.dxc5 e6
17.Ne2 a5 18.Nd4 Bd7 19.Nf3 Qa7 20.Qf2 Rb8 21.Bd3 b4 22.Bd4 a4 23.b3 axb3
24.axb3 Be7 25.Kd2 Kf7 26.Ra1 Qb7 27.Ra6 Qc7 28.Rga1 Rb7 29.R1a4 Rhb8 30.Rb6 Rxb6
31.cxb6 Qd8 32.Ra7 Kg8 33.b7 Qf8 34.Bb6 fxg4 35.hxg4 Bd8 36.Be3 Be7 37.Bb6 Bd8
38.Bxd8 Qxd8 39.Qc5 Qc7 40.Qxb4 c5 41.Qa5 Qxa5+ 42.Rxa5 Rxb7 43.Rxc5 Rb4
44.Ke3 h5 45.Bxg6 hxg4 46.Nd4 Nf5+ 47.Bxf5  1-0

[Event "63rd ch-MNE"]
[Site "Tivat MNE"]
[Date "2011.05.22"]
[Round "2.9"]
[White "Lekic,L"]
[Black "Vulevic,V"]
[Result "0-1"]
[WhiteElo "1951"]
[BlackElo "2350"]

1.e4 g6 2.d4 Bg7 3.Nc3 d6 4.f4 Nc6 5.Nf3 Bg4 6.Be3 Bxf3 7.gxf3 e5 8.d5 exf4
9.Bxf4 Ne5 10.Bb5+ Kf8 11.Bg3 g5 12.O-O Ne7 13.Ne2 c6 14.dxc6 Qb6+ 15.Nd4 N5xc6
16.c3 Nxd4 17.cxd4 Qxb5 18.Bxd6 Rd8 19.e5 Ke8 20.a4 Qd5 21.Rc1 Nc6 22.Rc5 Qxd4+
23.Qxd4 Nxd4 24.Rc7 Bf8 25.Rxb7 Bxd6 26.exd6 a6 27.Re1+ Ne6 28.Rb6 Ra8 29.b4 h5
30.Re5 Kd7 31.Rf5 Nd8 32.Rxg5 Rh6 33.Rd5 Ra7 34.b5 axb5 35.axb5 Ra2 36.Ra6 Rg6+
37.Kf1 Rgg2 38.Rxh5 Raf2+ 39.Ke1 Rb2 40.Kf1 Rxh2 41.Rxh2 Rxh2 42.Ra8 Rd2
43.Rb8 Rxd6 44.b6 Kc6 45.Ke2 Nb7 46.Rf8 Nd8 47.Ke3 Kxb6 48.Ke4 Kc7 49.Ke5 Re6+
50.Kf5 Kd7 51.Rh8 Nc6 52.Rh1 Nd4+ 53.Kg4 Kd6 54.Rd1 Rg6+ 55.Kf4 Kd5  0-1

[Event "XXX Zalakaros Open"]
[Site "Zalakaros HUN"]
[Date "2011.05.22"]
[Round "3"]
[White "Porubszky Angyalosine,M"]
[Black "Kende,G"]
[Result "1/2-1/2"]
[WhiteElo "2045"]
[BlackElo "2246"]

1.e4 g6 2.d4 Bg7 3.Nc3 d6 4.g3 Nf6 5.Bg2 O-O 6.Nge2 Nc6 7.O-O e5 8.dxe5 Nxe5
9.h3 Re8 10.f4 Nc6 11.Rb1 Be6 12.b3 Nb4 13.a3 Na6 14.e5 dxe5 15.Bxb7 Nc5
16.Qxd8 Raxd8 17.fxe5 Nfd7 18.Bg2 Bxe5 19.Bf4 Bf5 20.Rbc1 h5 21.Kh2 Nb6 22.a4 a5
23.Bc6 Re6 24.Bg2 Bxf4 25.Rxf4 Rd2 26.Nd4 Re3 27.Nb1 Rxd4 28.Rxd4 Kg7 29.Rd2 Ne4
30.Bxe4 Bxe4 31.Rf2 Nd5 32.Nd2 Bf5 33.Nc4 Rc3 34.Nxa5 Nb4 35.Rcf1 Nxc2 36.Rf3 Rc5
37.Nc4 Nd4 38.Rf4 Nxb3 39.Ne3 Be6 40.R1f2 Ra5 41.Rb2 Rc5 42.Rc2 Re5 43.Ng2 c5
44.Rff2 Nd4 45.Rc3 g5 46.Re3 Rd5 47.Rc3 Re5 48.Re3 Rd5 49.Rc3 Re5 50.Re3 Rd5
51.Rc3 Re5  1/2-1/2

[Event "XXX Zalakaros Open"]
[Site "Zalakaros HUN"]
[Date "2011.05.23"]
[Round "4"]
[White "Vrchotka,J"]
[Black "Webersberger,J"]
[Result "1/2-1/2"]
[WhiteElo "2017"]
[BlackElo "2386"]

1.e4 d6 2.d4 g6 3.Nc3 Bg7 4.f4 a6 5.Be3 b5 6.Nf3 Bb7 7.Bd3 Nd7 8.e5 e6 9.Ne4 Nb6
10.O-O Ne7 11.c3 Nf5 12.Bf2 h5 13.Neg5 Qd7 14.Be4 Bxe4 15.Nxe4 Qc6 16.Re1 Nd5
17.Qd2 O-O 18.h3 f6 19.g4 hxg4 20.hxg4 Nfe7 21.exd6 cxd6 22.Bg3 Qd7 23.Qg2 Rae8
24.Qh3 Nc6 25.Re2 Kf7 26.Rae1 Rh8 27.Qg2 e5 28.Nh4 Rxh4 29.Bxh4 Nxf4 30.Qf3 Nxe2+
31.Rxe2 exd4 32.Nxf6 Bxf6 33.Rxe8 Qxe8 34.Bxf6 Qe1+ 35.Kg2 Qd2+ 36.Kg3 Qe1+
37.Kg2 Qd2+ 38.Kg3  1/2-1/2

[Event "1st Alimini Village Open"]
[Site "Alimini ITA"]
[Date "2011.05.24"]
[Round "5"]
[White "Virzi,E"]
[Black "Boffa,M"]
[Result "0-1"]
[WhiteElo "1963"]
[BlackElo "2126"]

1.e4 g6 2.d4 Bg7 3.Nc3 d6 4.Be3 a6 5.Nf3 b5 6.Bd3 Bb7 7.Qd2 Nd7 8.a4 b4 9.Ne2 c5
10.c3 bxc3 11.bxc3 Ngf6 12.Ng3 Ng4 13.O-O Nxe3 14.Qxe3 O-O 15.a5 Qc7 16.Rfc1 e6
17.Qe2 Ra7 18.Nf1 d5 19.e5 c4 20.Bc2 Bc6 21.Ng5 h6 22.Nh3 Rb8 23.Qg4 Nf8
24.Nf4 Rb2 25.Ng3 Qe7 26.Qd1 Rab7 27.Rcb1 Qd8 28.h4 Qxh4 29.Qc1 Rxb1 30.Rxb1 Rxb1
31.Bxb1 Ba4 32.Nfe2 Qd8 33.Qa3 Qd7 34.Qb4 Qb5 35.Ba2 Nd7 36.Qxb5 Bxb5 37.Nf1 Nb8
38.Ne3 Nc6 39.Nc2 Nxa5 40.Nc1 Bf8 41.Bb1 Nb3 42.Ne2 Ba4 43.Nb4 a5  0-1

[Event "3rd Kahraman Olgac Memorial"]
[Site "Izmir TUR"]
[Date "2011.05.24"]
[Round "3.1.1"]
[White "Yilmaz,M"]
[Black "Movsziszian,K"]
[Result "1-0"]
[WhiteElo "2489"]
[BlackElo "2508"]

1.e4 g6 2.d4 Bg7 3.Nc3 d6 4.Be3 a6 5.Qd2 b5 6.h4 h5 7.f3 Nd7 8.Nh3 Bb7 9.Ng5 Rc8
10.a4 b4 11.Nd1 c5 12.d5 Ngf6 13.Be2 Qa5 14.O-O c4 15.Bd4 O-O 16.Ne3 c3 17.bxc3 bxc3
18.Qd1 Nh7 19.Nc4 Bxd4+ 20.Qxd4 Qc5 21.Qxc5 Nxc5 22.Nxh7 Kxh7 23.Kf2 f5 24.Ke3 Kg7
25.Rab1 fxe4 26.fxe4 Rxf1 27.Bxf1 Rf8 28.a5 Bc8 29.Be2 Bd7 30.Nb6 Bg4 31.Bf3 g5
32.hxg5 Kg6 33.Nc4 Kxg5 34.e5 dxe5 35.Nxe5 Bf5 36.Kd4 Na4 37.Nd3 h4 38.Rb4 Bd7
39.Ke3 Rc8 40.Ne5 Bb5 41.Nc6 Rc7 42.Rg4+ Kf6 43.Rxh4 Nc5 44.Rf4+ Kg7 45.Rg4+ Kf6
46.Rf4+ Kg7 47.Rb4 e6 48.Nd4 Be8 49.dxe6 Kf6 50.Rb8 Bg6 51.Rb6 Re7 52.Rc6 Nd7
53.Rxa6 Ne5 54.Bd5 Kg5 55.Rb6 Rh7  1-0

[Event "1st Alimini Village Open"]
[Site "Alimini ITA"]
[Date "2011.05.25"]
[Round "6"]
[White "Codenotti,M"]
[Black "Lazic,Mir"]
[Result "1/2-1/2"]
[WhiteElo "2284"]
[BlackElo "2471"]

1.e4 g6 2.d4 Bg7 3.Nc3 d6 4.f4 Nc6 5.Be3 Nf6 6.Nf3 O-O 7.Bd3 Bg4 8.e5 dxe5
9.fxe5 Nd5 10.Nxd5 Qxd5 11.c3 Rad8 12.Bc2 Na5 13.h3 Bxf3 14.Qxf3 Qxf3 15.gxf3 c5
16.Be4 Nc4 17.Ke2 Nxb2 18.Bxb7 Rb8 19.Bc6 Rfc8 20.Bd7 cxd4 21.Bxc8 dxe3 22.Ba6 Na4
23.Kxe3 Nxc3 24.Kd4 Na4 25.Rac1 Nb6 26.Rc7 Rd8+ 27.Ke4 Nd5 28.Rc5 f5+ 29.exf6 Nxf6+
30.Ke3 Bh6+ 31.f4 Nh5 32.Rc8 Bxf4+ 33.Ke4 Rxc8 34.Bxc8 Bd6 35.Kd5  1/2-1/2

[Event "3rd Kahraman Olgac Memorial"]
[Site "Izmir TUR"]
[Date "2011.05.25"]
[Round "5.1.4"]
[White "Ali Marandi,C"]
[Black "Movsziszian,K"]
[Result "1-0"]
[WhiteElo "2265"]
[BlackElo "2508"]

1.e4 g6 2.d4 d6 3.Nc3 Bg7 4.Nge2 Nf6 5.g3 O-O 6.Bg2 Nc6 7.h3 e5 8.Be3 exd4
9.Nxd4 Bd7 10.O-O Re8 11.Re1 a6 12.g4 Na5 13.b3 b5 14.g5 Nh5 15.a3 c6 16.Qd2 Nb7
17.Rad1 Qc8 18.Kh2 f6 19.Bf3 Rf8 20.Bxh5 gxh5 21.Rg1 Qe8 22.Rg2 f5 23.g6 fxe4
24.gxh7+ Kxh7 25.Rdg1 Be5+ 26.Kh1 Bxh3 27.Rg5 Bg4 28.Nxe4 c5 29.f4 Bxd4 30.Qd3 Kh6
31.Bxd4 cxd4 32.Qxd4 Qe7 33.Ng3 Rae8 34.Rg2 Qe1+ 35.Kh2 Rf7 36.Rxh5+ Bxh5
37.Nf5+ Kh7 38.Rg7+ Kh8 39.Rxf7+ Re5 40.Rf8+ Kh7 41.fxe5 Qe2+ 42.Kg1 Qe1+
43.Kg2 Qe2+ 44.Qf2 Qxe5 45.Ng3 Qd5+ 46.Kg1 Bg6 47.Qh2+  1-0